000 01836cam a22004454i 4500
003 PE-LiUPU
005 20250731165428.0
008 160210s1996 pe grm 000 0 spa d
035 _a(Sirsi) a156061
040 _aPE-LiUPU
_bspa
_cPE-LiUPU
_erda
099 _aTE 2
_bC13 1996
100 1 _aCabezas Romero, Sofia Erlinda
_eautor
245 1 _aNivel de Dominio de la Lectura en los Alumnos Ingresantes a 1er Grado de Secundaria /
_cSofia Erlinda Cabezas Romero.
264 0 _c1996.
300 _a80 hojas
_c30 cm
336 _atext
_2rdacontent
337 _aunmediated
_2rdamedia
338 _avolume
_2rdacarrier
502 _aTesis
_b(Lic.) --
_cUniversidad Peruana Unión,
_d1996.
504 _aIncluye referencias
520 3 _aLa sociedad ha logrado avanzar a través del tiempo y del espacio gracias al lenguaje, medio que permite comunicar conocimientos, juicios, valores, sentimientos, en este sentido el lenguaje oral ha jugado un papel importante, y no menos importante a la vez es el lenguaje escrito, que es el que en si permite perpetuar la cultura humana. Complementario al lenguaje escrito es la capacidad de interpretar su código y comprender su mensaje, actividad a la que se le conoce como lectura. De allí entonces la necesidad e importancia de la lectura.
526 _aSEG44
526 _aSEG26
526 _aP151
526 _aP150
526 _aP149
526 _aP146
526 _aP145
526 _aP126
526 _aP125
526 _aP92
526 _aP75
526 _aP74
526 _aP27
526 _aP15
650 0 4 _aLectura
_xEstudiantes de secundaria.
596 _a1
942 _2ddc
_cTESIS
999 _aTE 2 C13 1996
_wALPHANUM
_c8742
_iT00111
_lCCODEBUL3
_mBUL
_r1
_sY
_tTESIS
_u2016-2-10
_xEDUCACION
_PP14
_o.STAFF. Tesis
_d8742
980 _81
_gALBERTO SANCHEZ Responsable de Automatización